000
00222 a2200109 4500
020
_a
9788499070032
041
_a
spa
100
_a
common,core
245
_a
el abece visual de el cuerpo humano
942
_c
BK
952
_7
1
999
_c
18672
_d
18672